Basic engineering drawing / (Record no. 160580)

MARC details
000 -LEADER
fixed length control field 00684nam a22002418a 4500
008 - FIXED-LENGTH DATA ELEMENTS--GENERAL INFORMATION
fixed length control field
020 ## - INTERNATIONAL STANDARD BOOK NUMBER
International Standard Book Number 0582065941 (pbk.)
049 ## - LOCAL HOLDINGS (OCLC)
Holding library MAIN
090 ## - LOCALLY ASSIGNED LC-TYPE CALL NUMBER (OCLC); LOCAL CALL NUMBER (RLIN)
Classification number (OCLC) (R) ; Classification number, CALL (RLIN) (NR) TA175
Local cutter number (OCLC) ; Book number/undivided call number, CALL (RLIN) RHO
003 - CONTROL NUMBER IDENTIFIER
control field
005 - DATE AND TIME OF LATEST TRANSACTION
control field 20230123134129.0
040 ## - CATALOGING SOURCE
Transcribing agency NUST
100 1# - MAIN ENTRY--PERSONAL NAME
Personal name Rhodes, R.S.
245 10 - TITLE STATEMENT
Title Basic engineering drawing /
Statement of responsibility, etc. R.S. Rhodes, L.B. Cook.
260 ## - PUBLICATION, DISTRIBUTION, ETC.
Name of publisher, distributor, etc. Longman Scientific & Technical,
Date of publication, distribution, etc. 1990.
300 ## - PHYSICAL DESCRIPTION
Extent 182 p. :
Other physical details ill. ;
Dimensions 30 cm.
650 #0 - SUBJECT ADDED ENTRY--TOPICAL TERM
Topical term or geographic name entry element Engineering drawings.
650 #0 - SUBJECT ADDED ENTRY--TOPICAL TERM
Topical term or geographic name entry element Mechanical drawing.
653 ## - INDEX TERM--UNCONTROLLED
Uncontrolled term Technical drawings
-- Draftsmanship
700 1# - ADDED ENTRY--PERSONAL NAME
Personal name Cook, L.B.
907 ## - LOCAL DATA ELEMENT G, LDG (RLIN)
a .b10067164
b 20-02-13
c 17-04-03
942 ## - ADDED ENTRY ELEMENTS (KOHA)
Koha item type Ordinary Loan Books
Call number prefix TA175
Call number suffix RHO
Holdings
Date last seen Total Checkouts Full call number Barcode Cost, replacement price Price effective from Koha item type Lost status Source of classification or shelving scheme Damaged status Not for loan Collection Withdrawn status Home library Current library Shelving location Date acquired Cost, normal purchase price
01/23/2023 16 TA175 RHO 92003016047 80.00 01/23/2023 BOOKS   LCC     NFIC   MAIN MAIN GEN 01/23/2023 80.00